LEADER 01491nam a2200325 u 4500 001 000000078718 003 CaOOAMICUS 005 20070226123448.0 008 040512s2003 gau u000 u eng u 020 $a1589830474 035 $a10994700 040 $aPUL$bita 100 1 $aBautch, Richard J.$0(OLS)http://pul/name/52427 245 10$aDevelopment in Genre between post-exilic penitential prayers and the psalms of communal lament /$cRichard J. Bauch. 260 $aAtlanta :$bSociety of Biblical literature,$c2003. 300 $axiv, 201 p. ;$c23 cm 490 1 $aAcademia biblica ;$v7 500 $aComprende indice. 504 $aBibliografia: p. [173]-181. 630 04$aBiblia.$pV.T.$pNehemia.$0(OLS)http://pul/subject/24301 630 04$aBiblia.$pV.T.$pIsaias.$0(OLS)http://pul/subject/17254 650 4$aPreghiera.$0(OLS)http://pul/subject/997 650 4$aGiudaismo$xStoria$y586 a. C.-210 d. C.$0(OLS)http://pul/subject/9116 830 0$aAcademia biblica ;$v7.$0(OLS)http://pul/title/101645 850 $aPUL 852 $aPUL$W1$xSL Religione 1$y3$m5 Q 1.7$j100901$nBK-PRI$b $qStampati$B100901$CPULBib$Z2$F100901 $HPUL93944 $81 941 1 $a8 996 $6020$a1589830474$9(OLS)http://pul/number/103224 996 $6245$aDevelopment in Genre between post-exilic penitential prayers and the psalms of communal lament$9(OLS)http://pul/title/103079 996 $6260$aAtlanta :$bSociety of Biblical literature$9(OLS)http://pul/publisher/75132 LEADER 01177nam a2200265 u 4500 001 000000079912 003 CaOOAMICUS 005 20070226123605.0 008 040616s1988 vc u000 u ita u 035 $a10999810 040 $aPUL$bita 100 1 $aSpada, Domenico.$0(OLS)http://pul/name/22284 245 13$aLe formule trinitarie :$bda Nicea a Costantinopoli /$cDomenico Spada. 260 $a[Cittą del Vaticano] :$bPontificia universitą Urbaniana,$cc1988. 300 $a417 p. ;$c22 cm 490 1 $aSubsidia Urbaniana ;$v32 504 $aInclude indicazioni bibliografiche.. 650 4$aTrinitą$xStoria delle dottrine.$0(OLS)http://pul/subject/9351 650 4$aConcili e sinodi.$0(OLS)http://pul/subject/1553 830 0$aSubsidia Urbaniana ;$v32.$0(OLS)http://pul/title/7818 850 $aPUL 852 $aPUL$W1$xSL Religione 3$y85$m231 SPADO 1$j102154$nBK-PRI$qDDC 21$B102154$CPULBib$Z2$F102154 $H87488 $82 941 1 $a9 996 $6245$aLe formule trinitarie :$bda Nicea a Costantinopoli$9(OLS)http://pul/title/104678 996 $6260$a[Cittą del Vaticano] :$bPontificia universitą Urbaniana$9(OLS)http://pul/publisher/75748